000 00637nam a2200193 a 4500
001 000040888
005 20201002034444.0
008 130910s2012 pr a 001 0 spa d
020 _a9780865816640
040 _aDO-SdBNP
_bspa
_cBNPHU
041 1 7 _aeng
100 1 _aVan Deusen, Richard James.
_967318
245 0 _aPorto Rico : A Caribbean Isle /
_cRichard James Van Deusen ...and Elizabeth Kneipple Van Deusen.
260 _aPuerto Rico :
_bH. Holt and Company,
_c2012.
300 _a342 p. :
_bil. ;
_c22 cm.
500 _aIncluye índice
504 _aBibliografía : p. 315-324.
700 1 _aVan Deusen, Elizabeth Kneipple
_967319
999 _c40378
_d40378